Tvorca slovenskej veselohry Pred 120 rokmi zomrel Ján Chalupka

Bibliographic Details
Main Author: Petrovský, Karol, 1950-2010 (Author)
Format: Article
Language:Slovak
Subjects:

MARC

LEADER 00000nab a2200000 a 4500
001 vtls001509726
003 SK-MaSNL
005 20260304222547.0
008 050227s2001 xo 000 0 slo
035 |a SPKCL12053 
040 |a SPKCL  |b slo  |c SNKBUCL  |d ÚIP-SPK(DP)  |e AACR2 
041 |a slo 
044 |a xo  |c SK 
080 |a 37:929Chalupka, Ján:821.164.4  |2 1981 
100 1 |a Petrovský, Karol,  |d 1950-2010  |4 aut  |9 158303 
245 1 0 |a Tvorca slovenskej veselohry  |b Pred 120 rokmi zomrel Ján Chalupka  |c Karol Petrovský 
600 1 7 |a Chalupka, Ján,  |d 1791-1871  |2 SNKMA  |9 108925 
655 7 |a profily  |2 snkbucl  |9 341977 
773 1 |t Národná osveta  |g Roč. 11, č. 9 (2001) s. 8 
850 |a Slovenská pedagogická knižnica Bratislava 
852 |a SPKCL  |b KIS3GCP  |b 000710000  |n SK 
999 |c 3163921  |d 3165851